| 000 | 00916cam a2200253 a 4500 | ||
|---|---|---|---|
| 001 | 13649 | ||
| 003 | BD-JhCC | ||
| 005 | 20240313125657.0 | ||
| 008 | 030110r20211998ai ab b 001 0 eng | ||
| 020 | _a9780393070897 | ||
| 035 | _a(BD-JhCC)13649 | ||
| 040 |
_aDLC _cDLC _dDLC |
||
| 041 | _aenglish | ||
| 050 | 0 | 0 |
_aDA16 _b.F47 2003 |
| 082 | 0 | 0 |
_a909.0971241 _221 _bBER 2021 |
| 100 | 1 | _a Berg,Sebastian | |
| 245 | 1 | 0 |
_aMaya Mythology : _bMyths and folklore of the Mayan civilization / _cSebastian Berg |
| 260 |
_a United States: _bCreek Ridge Publishing; _c2021. |
||
| 300 |
_a57 p. : _bill. (some col.), col. maps ; _c22 cm. |
||
| 650 | 0 |
_aMaya mythology _z Mythologie maya |
|
| 856 | 4 | 2 |
_3Contributor biographical information _uhttp://www.loc.gov/catdir/enhancements/fy0832/2003041469-b.html |
| 856 | 4 | 2 |
_3Publisher description _uhttp://www.loc.gov/catdir/enhancements/fy0832/2003041469-d.html |
| 942 |
_2ddc _cBK |
||
| 999 |
_c13649 _d13649 |
||